Observación histórica sobre el Gobernador de Valparaíso Don Miguel Antonio Gómez de Sylva
Saved in:
| Main Authors: | , |
|---|---|
| Format: | Book |
| Language: | Spanish |
| Published: |
Santiago
Imprenta y Librería Ercilla
1897
|
| Edition: | 1a. ed |
| Subjects: | |
| Tags: |
Add Tag
No Tags, Be the first to tag this record!
|
MARC
| LEADER | 00000nam a2200000 a 4500 | ||
|---|---|---|---|
| 001 | UCJ3514 | ||
| 003 | CL-VaPUC | ||
| 008 | 070124e18970000CL |||||||||||||||||spa|d | ||
| 082 | 0 | 4 | |a 983 |b SYL |2 21 |
| 100 | 0 | |a Sylva y Molina, Abraham de |e author |9 505420 | |
| 651 | 0 | |a Valparaíso, Chile |9 261144 | |
| 700 | 0 | |a Silva y Molina, Abraham |e author |9 505421 | |
| 245 | 1 | 0 | |a Observación histórica sobre el Gobernador de Valparaíso Don Miguel Antonio Gómez de Sylva |
| 250 | |a 1a. ed | ||
| 300 | |a 113 p | ||
| 942 | |c BK | ||
| 945 | |d 20070124 00:00:00 |a rinostro | ||
| 260 | |a Santiago |b Imprenta y Librería Ercilla |c 1897 | ||
| 600 | 0 | 7 | |a GOMEZ DE SYLVA, MIGUEL ANTONIO |2 CL-VaPUC |9 505422 |
| 650 | 7 | |a BIOGRAFIA |2 CL-VaPUC |9 504622 | |
| 650 | 0 | |a Genealogía |9 255285 | |
| 650 | 0 | |a Gobernadores |9 323856 | |
| 650 | 7 | |a COLONIA |2 CL-VaPUC |9 505423 | |
| 650 | 7 | |a GOBIERNO COLONIAL ESPAÑOL |2 CL-VaPUC |9 505424 | |
| 583 | |a last modification |c 20070124 00:00:00 |k Rodrigo Vera | ||
| 999 | |c 319636 |d 319634 | ||
| 952 | |0 0 |1 0 |4 0 |6 983_000000000000000_SYL_1897 |7 0 |8 X |9 397995 |a FDOBUD |b FDOBUD |d 2019-11-22 |i 1004832 |o 983 SYL 1897 |p 1004832 |r 2019-11-22 |w 2019-11-22 |y BK_X |k BUD | ||